Symmetrizing syntax: merge, minimality, and equilibria (Record no. 1229821)

MARC details
000 -LEADER
fixed length control field 00685nam a2200229Ia 4500
005 - DATE AND TIME OF LATEST TRANSACTION
control field 20241129111312.0
008 - FIXED-LENGTH DATA ELEMENTS--GENERAL INFORMATION
fixed length control field 241129s9999||||xx |||||||||||||| ||und||
020 ## - INTERNATIONAL STANDARD BOOK NUMBER
International Standard Book Number 9781032148403
037 ## - SOURCE OF ACQUISITION
Stock number TB
040 ## - CATALOGING SOURCE
Original cataloging agency CRL
Language of cataloging eng
Transcribing agency CRL
041 ## - LANGUAGE CODE
Language code of text/sound track or separate title eng
Source of code eng
084 ## - COLON CLASSIFICATION NUMBER
Classification number P:3 R2
Assigning agency CRL
100 ## - MAIN ENTRY--PERSONAL NAME
Personal name Narita Hiroki Au.; Fukui Naoki Au.
9 (RLIN) 724009
245 #0 - TITLE STATEMENT
Title Symmetrizing syntax: merge, minimality, and equilibria
Statement of responsibility, etc. Narita Hiroki Au.; Fukui Naoki Au.
260 ## - PUBLICATION, DISTRIBUTION, ETC.
Place of publication, distribution, etc. London, UK
Name of publisher, distributor, etc. Routledge
Date of publication, distribution, etc. 2023
300 ## - PHYSICAL DESCRIPTION
Extent xiii,330p.
365 ## - TRADE PRICE
Price type code UKP
Price amount 38.99
490 ## - SERIES STATEMENT
Series statement Routledge studies in lingustics
650 ## - SUBJECT ADDED ENTRY--TOPICAL TERM
Topical term or geographic name entry element Linguistic
9 (RLIN) 558313
942 ## - ADDED ENTRY ELEMENTS (KOHA)
Koha item type Textbook
Classification part P:3 R2
Holdings
Withdrawn status Lost status Damaged status Not for loan Home library Current library Date acquired Source of acquisition Cost, normal purchase price Inventory number Total Checkouts Full call number Barcode Date last seen Price effective from Koha item type
        Central Library Central Library 2024-11-29 Classic Book Service 38.99 254 & 06/01/2024   P:3 R2 CL1680624 2024-11-29 2024-11-29 Textbook
Copyright @ Delhi University Library System